Sesja naukowa Stowarzyszenia Historyków Sztuki poświęcona zagadnieniom ochrony zabytków oraz zabytkom woj. rzeszowskiego i krakowskiego

Titel: Sesja naukowa Stowarzyszenia Historyków Sztuki poświęcona zagadnieniom ochrony zabytków oraz zabytkom woj. rzeszowskiego i krakowskiego : Kraków, 25-26. IX. 1956 / Barbara Bieniewska
Verfasser:
In: Biuletyn historii sztuki,
alle Artikel anzeigen
Veröffentlicht: Warszawa : Państwowy Instytut Sztuki, 1957
Format: Aufsatz
Sprache: Polnisch
Schlagworte:
Vorliegende Ausgabe: Online-Ausgabe Heidelberg: Universitätsbibliothek Heidelberg, 2018.
Kein Bild verfügbar
X
alg: 47276256
001A    $06055:21-11-20 
001B    $03025:20-02-25 $t12:09:27.000 
001D    $06055:21-11-20 
001U    $0utf8 
001X    $00 
002@    $0Oox 
002C    $aText $btxt $2rdacontent 
002D    $aComputermedien $bc $2rdamedia 
002E    $aOnline-Ressource $bcr $2rdacarrier 
003@    $0472762567 
004P    $010.11588/diglit.41525.20 $SV98 
004U    $0urn:nbn:de:bsz:16-diglit-415258 $SV98 
007A    $0472762567 $aHEB 
007I    $0HHB-507913299 
007I    $0HHB-1577913299 
009Q    $SV98 $uhttps://digi.ub.uni-heidelberg.de/diglit/bhs1957/0108 $xH 
010@    $apol 
011@    $a1957 
011B    $a2018 
013D    $RKongress $#Tagungsbericht $#Kongressschrift $74196709-4 $8Kongressbericht [Ts1] $9085988111 
021A    $aSesja naukowa Stowarzyszenia Historyków Sztuki poświęcona zagadnieniom ochrony zabytków oraz zabytkom woj. rzeszowskiego i krakowskiego $dKraków, 25-26. IX. 1956 $hBarbara Bieniewska 
028A    $aBieniewska $dBarbara 
033A    $pWarszawa $nPaństwowy Instytut Sztuki 
033N    $pHeidelberg $nUniversitätsbibliothek Heidelberg 
037A    $aElektronische Reproduktion der Druckausgabe 
037A    $aEnthalten in: 19(1957), Seite 98-106 
037G    $aOnline-Ausgabe 
039B    $aEnthalten in $8--Obvc--. Biuletyn historii sztuki. - Warszawa : [Verlag nicht ermittelbar], 1950-2018. - DOI 10.11588/diglit.34474. - urn:nbn:de:bsz:16-diglit-344741 $9403709342 
044K    $RPolen-Litauen $RKongresspolen $RWestgalizien $RStaat Krakau $#Generalgouvernement Polen $#Polska $#Rzeczpospolita Polska $#Polska Rzeczpospolita Ludowa $#Poland $#Pologne $#République Polonaise $#Generalne Gubernatorstwo w Polsce $#Polish People's Republic $#Polska Rzeczpospolita Polen $#PRL $#RP $#Polen Generalgouvernement $#Polska Generalgouvernement $#Besetzte Polnische Gebiete $#Besetztes Gebiet in Polen $#Okupowane Polskie Obszary $#Obszary Okupowane w Polsce $#Volksrepublik Polen $#Polska Rosyjska $#Republic Polen $#Respublika Pol'ša $#Pol'skaja Narodnaja Respublika $#République de Pologne $#Polen Links der Weichsel $#Polska po Lewej Stronie Wisły $#Lenkija $#Polija $#Gubernija Carstva Pol'skago $#Republik Polen $74046496-9 $8Polen [Tg1] $9085129801 
044K    $RWoiwodschaft Vorkarpaten $#Rzeszów (Woiwodschaft) $#Województwo rzeszowskie $#Rzeszów Woiwodschaft $#Rzeszów Województwo $74455029-7 $8Woiwodschaft Rzeszów [Tg1] $9088869474 
044K    $RWoiwodschaft Kleinpolen $#Krakau (Woiwodschaft) $#Krakau Woiwodschaft $#Województwo Krakowskie $#Województwo Miejskie Krakowskie $74032745-0 $8Woiwodschaft Krakau [Tg1] $9085087335 
044K    $RDenkmalschutz $RRestaurierung $#Historic buildings Conservation and restoration $#Monuments historiques Conservation et restauration $#Edificios históricos Restauración $74011455-7 $8Denkmalpflege [Ts1] $9085023310 
045T    $aKUNST $qDE-16 $2FID 

lok: 47276256 3

exp: 47276256 3 1 #EPN
201B/01 $024-11-20 $t22:49:00.403 
201C/01 $024-11-20 
201U/01 $0utf8 
203@/01 $01131220056 
204P/01 $010.11588/diglit.41525.20 $SV98 
208@/01 $a24-11-20 $bl 

lok: 47276256 78

exp: 47276256 78 1 #EPN
201B/01 $020-02-25 $t10:41:02.000 
201C/01 $020-02-25 
201U/01 $0utf8 
203@/01 $01293703540 
208@/01 $a20-02-25 $be 
209A/01 $a/ $f000 $x00 
209A/01 $ab*p $x01 
220C/01 $aeja 
244Z/01 $#Generalgouvernement Polen $#Polska $#Rzeczpospolita Polska $#Polska Rzeczpospolita Ludowa $#Poland $#Pologne $#République Polonaise $#Generalne Gubernatorstwo w Polsce $#Polish People's Republic $#Polska Rzeczpospolita Polen $#PRL $#RP $#Polen Generalgouvernement $#Polska Generalgouvernement $#Besetzte Polnische Gebiete $#Besetztes Gebiet in Polen $#Okupowane Polskie Obszary $#Obszary Okupowane w Polsce $#Volksrepublik Polen $#Polska Rosyjska $#Republic Polen $#Respublika Pol'ša $#Pol'skaja Narodnaja Respublika $#République de Pologne $#Polen Links der Weichsel $#Polska po Lewej Stronie Wisły $#Lenkija $#Polija $#Gubernija Carstva Pol'skago $#Republik Polen $74046496-9 $8--Tg1--Polen $x01 $9085129801 
247C/01 $82080>Marburg/Lahn, Herder-Institut, Forschungsbibliothek, Bibliographieportal $9336309341
LEADER 00000caa a22000002c 4500
001 472762567
003 DE-603
005 20250220120927.0
007 cr||||||||||||
008 201121s1957 xx |||| o| u00||u|pol c
024 7 |a 10.11588/diglit.41525.20  |2 doi 
024 7 |a urn:nbn:de:bsz:16-diglit-415258  |2 urn 
035 |a (DE-599)HEB472762567 
040 |a DE-603  |b ger  |c DE-603  |d DE-603 
041 |a pol 
084 |a KUNST  |q DE-16  |2 fid 
100 1 |a Bieniewska, Barbara 
245 0 0 |a Sesja naukowa Stowarzyszenia Historyków Sztuki poświęcona zagadnieniom ochrony zabytków oraz zabytkom woj. rzeszowskiego i krakowskiego  |b Kraków, 25-26. IX. 1956  |c Barbara Bieniewska 
264 1 |a Warszawa  |b Państwowy Instytut Sztuki  |c 1957 
336 |a Text  |b txt  |2 rdacontent 
337 |a Computermedien  |b c  |2 rdamedia 
338 |a Online-Ressource  |b cr  |2 rdacarrier 
500 |a Elektronische Reproduktion der Druckausgabe 
500 |a Enthalten in: 19(1957), Seite 98-106 
530 |a Online-Ausgabe 
533 |b Heidelberg  |c Universitätsbibliothek Heidelberg  |d 2018  |7 s2018uuuuxx u| 
650 7 |a Denkmalpflege  |0 (DE-588)4011455-7  |0 (DE-603)085023310  |2 gnd 
651 7 |a Polen  |0 (DE-588)4046496-9  |0 (DE-603)085129801  |2 gnd 
651 7 |a Woiwodschaft Rzeszów  |0 (DE-588)4455029-7  |0 (DE-603)088869474  |2 gnd 
651 7 |a Woiwodschaft Krakau  |0 (DE-588)4032745-0  |0 (DE-603)085087335  |2 gnd 
655 7 |a Kongressbericht  |2 gnd-content  |0 (DE-588)4196709-4  |0 (DE-603)085988111 
773 0 8 |i Enthalten in  |t Biuletyn historii sztuki  |d Warszawa : [Verlag nicht ermittelbar], 1950-2018  |o 10.11588/diglit.34474  |o urn:nbn:de:bsz:16-diglit-344741  |w (DE-603)403709342  |w (DE-600)2895336-8 
856 |u https://digi.ub.uni-heidelberg.de/diglit/bhs1957/0108  |x Verlag 
924 1 |9 603  |a (DE-603)1131220056  |b DE-603  |c HES  |d d 
924 1 |9 2080  |a (DE-603)1293703540  |b DE-2080  |c HES  |d d  |g /